Movies Quiz

Random Movies or Clickable Quiz

John Hughes Movie Match Quiz Stats

 Plays Quiz not verified by Sporcle

Challenge
Share
Tweet
Score 0/16 Timer 01:00
0 Plays Today
% Correct
Sixteen
96.3%
Weird
95.7%
Breakfast
94.4%
Pretty
94.4%
Ferris Bueller's
94.4%
Some Kind
92.6%
Uncle
92.6%
Home
92.6%
% Correct
Curly
92%
She's Having
91.4%
Christmas
91.4%
Dennis
90.7%
Great
89.5%
European
88.9%
Mr.
87%
Baby's
87%

You're not logged in!

Compare scores with friends on all Sporcle quizzes.
OR
Log In

You Might Also Like...

Show Comments

Extras

Created Mar 8, 2016ReportNominate
Tags:Clickable Quiz, John Hughes

Top Quizzes Today


Score Distribution

Your Account Isn't Verified!

In order to create a playlist on Sporcle, you need to verify the email address you used during registration. Go to your Sporcle Settings to finish the process.

Report this User

Report this user for behavior that violates our Community Guidelines.

Details: